[Event "GER-ch U25 op-C"]
[Site "Willingen"]
[Date "2024.05.25"]
[Round "9"]
[White "Mahr, Mikka"]
[Black "Piotrowski, Jaro"]
[Result "0-1"]
[WhiteElo "1016"]
[BlackElo "1223"]
[PlyCount "94"]
[EventDate "2024.05.19"]
[EventType "swiss"]
[EventRounds "9"]
[EventCountry "GER"]
[SourceTitle "EXT 2025"]
[Source "ChessBase"]
[SourceDate "2024.10.14"]
[SourceVersion "1"]
[SourceVersionDate "2024.10.14"]
[SourceQuality "1"]

1. e4 e5 2. Nf3 Nc6 3. Bc4 Bc5 4. Nc3 Nf6 5. h3 d6 6. Ng5 0-0 7. d3 h6 8. Nf3 Re8 9. Be3 Bb6 10. Bxb6 axb6 11. Qd2 Be6 12. Bb5 Re7 13. h4 Nd4 14. Nxd4 exd4 15. Ne2 Rxa2 16. Rxa2 Bxa2 17. b3 c6 18. Nxd4 cxb5 19. Nxb5 d5 20. Nc3 dxe4 21. 0-0 exd3 22. Nxa2 Ne4 23. Qc1 d2 24. Qd1 Rd7 25. f3 Ng3 26. Rf2 Qxh4 27. Rxd2 Qh1+ 28. Kf2 Qxd1 29. Rxd1 Rxd1 30. Kxg3 Kh7 31. c4 g5 32. b4 Rd2 33. Nc3 Rc2 34. Nd5 Rxc4 35. Nxb6 Rxb4 36. Nd5 Rd4 37. Ne7 b5 38. Nf5 Rd8 39. Ne3 b4 40. Nc4 b3 41. Kh3 Rc8 42. Nd2 b2 43. Nb1 Rc1 44. Na3 Ra1 45. Nc2 b1Q 46. Nxa1 Qh1+ 47. Kg3 Qh4# 0-1

[Event "GER-ch U25 op-C"]
[Site "Willingen"]
[Date "2024.05.24"]
[Round "8"]
[White "Piotrowski, Jaro"]
[Black "Staudt, Merle"]
[Result "0-1"]
[WhiteElo "1223"]
[BlackElo "1573"]
[PlyCount "58"]
[EventDate "2024.05.19"]
[EventType "swiss"]
[EventRounds "9"]
[EventCountry "GER"]
[SourceTitle "EXT 2025"]
[Source "ChessBase"]
[SourceDate "2024.10.14"]
[SourceVersion "1"]
[SourceVersionDate "2024.10.14"]
[SourceQuality "1"]

1. d4 d5 2. c4 e6 3. Nc3 Nf6 4. Bg5 Be7 5. Nf3 0-0 6. e3 Nbd7 7. Bd3 dxc4 8. Bxc4 b6 9. 0-0 c5 10. Bb3 Bb7 11. Bc2 Qc7 12. Nb5 Qc6 13. Qd3 a6 14. Na3 h6 15. Bxf6 Nxf6 16. Nc4 Bd6 17. Nce5 Bxe5 18. dxe5 Rad8 19. Qc3 Ne4 20. Qe1 Ng5 21. Qe2 Rd2 22. Bh7+ Kh8 23. Qc4 Nxf3+ 24. Kh1 Kxh7 25. Qg4 Nxe5 26. Qg3 Rfd8 27. Rg1 Nd3 28. f3 Nf2+ 29. Qxf2 Rxf2 0-1

[Event "GER-ch U25 op-C"]
[Site "Willingen"]
[Date "2024.05.22"]
[Round "6"]
[White "Piotrowski, Jaro"]
[Black "Kraus, Jesper"]
[Result "1-0"]
[WhiteElo "1223"]
[BlackElo "999"]
[PlyCount "123"]
[EventDate "2024.05.19"]
[EventType "swiss"]
[EventRounds "9"]
[EventCountry "GER"]
[SourceTitle "EXT 2025"]
[Source "ChessBase"]
[SourceDate "2024.10.14"]
[SourceVersion "1"]
[SourceVersionDate "2024.10.14"]
[SourceQuality "1"]

1. d4 d5 2. c4 dxc4 3. Nc3 Nf6 4. Bf4 e6 5. e3 b6 6. Bxc4 Bb7 7. Nf3 Nbd7 8. 0-0 c5 9. Nb5 Rc8 10. Nxa7 Ra8 11. Nb5 Rc8 12. Bd6 cxd4 13. Qxd4 Be7 14. Bxe7 Kxe7 15. Ng5 h6 16. Qd6+ Ke8 17. Nxe6 Qe7 18. Nec7+ Kd8 19. Qxb6 Nxb6 20. Rad1+ Bd5 21. Nxd5 Nbxd5 22. Bxd5 Nxd5 23. Rxd5+ Ke8 24. Nd6+ Kd7 25. Nf5+ Ke6 26. Nxe7 Kxe7 27. a4 Rhd8 28. Rxd8 Rxd8 29. b4 Rc8 30. a5 Kd7 31. b5 Ra8 32. a6 Kc7 33. Rb1 Kb6 34. h4 Ka7 35. g4 g5 36. hxg5 hxg5 37. Kg2 f6 38. f4 gxf4 39. exf4 Kb6 40. Kf3 Rg8 41. Ke4 Rxg4 42. Kf5 Rg8 43. Kxf6 Rf8+ 44. Ke5 Re8+ 45. Kd4 Rd8+ 46. Ke3 Re8+ 47. Kf3 Rd8 48. Ra1 Ka7 49. b6+ Ka8 50. a7 Rd7 51. f5 Rf7 52. Kg4 Rg7+ 53. Kh5 Rf7 54. Kg6 Rd7 55. f6 Rb7 56. Ra6 Rd7 57. f7 Rd6+ 58. Kg7 Rd7 59. Kg8 Rd8+ 60. f8Q Rxf8+ 61. Kxf8 Kb7 62. a8Q# 1-0

[Event "GER-ch U25 op-C"]
[Site "Willingen"]
[Date "2024.05.20"]
[Round "3"]
[White "Berger, Jennifer"]
[Black "Piotrowski, Jaro"]
[Result "1-0"]
[WhiteElo "1462"]
[BlackElo "1223"]
[PlyCount "71"]
[EventDate "2024.05.19"]
[EventType "swiss"]
[EventRounds "9"]
[EventCountry "GER"]
[SourceTitle "EXT 2025"]
[Source "ChessBase"]
[SourceDate "2024.10.14"]
[SourceVersion "1"]
[SourceVersionDate "2024.10.14"]
[SourceQuality "1"]

1. e4 e5 2. Nf3 Nc6 3. d4 exd4 4. Nxd4 Bc5 5. Nb3 Bb6 6. Nc3 d6 7. Bd3 Nf6 8. 0-0 Bg4 9. Ne2 0-0 10. h3 Bh5 11. Bg5 h6 12. Bh4 Re8 13. Nd2 Nd4 14. c3 Ne6 15. Qc2 Bxe2 16. Bxe2 Nf4 17. Bd3 Nxd3 18. Qxd3 d5 19. Bxf6 Qxf6 20. exd5 Rad8 21. Nc4 Bc5 22. b4 Bf8 23. Rfe1 b5 24. Na5 Bd6 25. Nc6 Ra8 26. Rxe8+ Rxe8 27. Nxa7 Bxb4 28. Qxb5 Ra8 29. Qxb4 Re8 30. Nc6 Re2 31. Qd4 Qg6 32. Kf1 Re4 33. Qa7 Rc4 34. Ne7+ Kh7 35. Nxg6 Kxg6 36. Qa6+ 1-0